Compilación de la información y supervisión de ilustraciones botánicas para categorizar las especies del volumen 3 del libro rojo de plantas fanerógamas de Colombia (Registro nro. 4795)
[ vista simple ]
| 000 -CABECERA | |
|---|---|
| Campo de control | 01412nam a2200217 a 4500 |
| 005 - FECHA Y HORA DE LA ULTIMA TRANSACCION | |
| Campo de control | 20140124095310.0 |
| 008 - ELEMENTOS DE LONGITUD FIJA—INFORMACION GENERAL | |
| Campo de control | 140124b2005 ck ||||| |||| 00| 0 spa d |
| 041 ## - IDIOMA | |
| Código de idioma para texto/pista de sonido o título separado | Español |
| 044 ## - PAÍS DE PUBLICACIÓN | |
| País de publicación | Colombia |
| 090 ## - CLASIFICACIÓN LOCAL | |
| Colección | IAVH |
| Consecutivo | 00428 |
| 100 ## - ASIENTO PRINCIPAL--NOMBRE PERSONAL | |
| Nombre personal | Velásquez Rúa, César |
| 245 ## - MENCION DE TITULO | |
| Título | Compilación de la información y supervisión de ilustraciones botánicas para categorizar las especies del volumen 3 del libro rojo de plantas fanerógamas de Colombia |
| Parte restante del título | informe |
| 260 ## - PUBLICACION, DISTRIBUCION, ETC. (PIE DE IMPRENTA) | |
| Lugar de publicación, distribución, etc. | Medellín |
| Nombre del editor, distribuidor, etc. | Instituto Alexander von Humboldt |
| Fecha de publicación, distribución, etc. | 2005 |
| 300 ## - DESCRIPCION FISICA | |
| Extensión | 2 p. |
| 520 ## - NOTA DE RESUMEN, ETC. | |
| Nota de resumen | Informe de productos entregados al IAvH resultantes del contrato 164: se supervisó la elaboración de 40 ilustraciones botánicas de las familias Magnoliacease, Podocarpaceae Myristicaceae y Annonaceae, realizadas por el ilustrador John Jairo Colorado, se revisó y prestó en los herbarios de Medellín el material botánico de las especies seleccionadas. Se entregó una base de datos de las familias mencionadas, la cual presenta 3655 datos con las características de esas familias. Se entregaron fichas para las familias mencionadas y una lista de 272 especies de la familia Annonaceae con datos preliminares para categorizar las especies amenazadas de esta familia |
| 650 ## - ASIENTO SECUNDARIO DE MATERIA - TERMINO TEMATICO | |
| Término temático o nombre geográfico como elemento de entrada | Plantas fanerógamas de Colombia |
| 650 ## - ASIENTO SECUNDARIO DE MATERIA - TERMINO TEMATICO | |
| Término temático o nombre geográfico como elemento de entrada | Ilustraciones botánicas |
| 650 ## - ASIENTO SECUNDARIO DE MATERIA - TERMINO TEMATICO | |
| Término temático o nombre geográfico como elemento de entrada | Base de datos |
| 942 ## - ELEMENTOS ADICIONALES (KOHA) | |
| Tipo de ítem | CD-ROM |
| Koha issues (borrowed), all copies | 1 |
| Sistema de clasificación | Local |
| 945 ## - PROCESAMIENTO LOCAL | |
| AAAA-MM-DD - Fecha de ingreso o modificacion | 2005-11-10 |
| Withdrawn status | Lost status | Sistema de Clasificación | Damaged status | No para préstamo | Colección | Ubicación Permanente | Ubicación actual | Fecha de adquisición | Fuente de Valor | Total Checkouts | Número topográfico | Inventario / Código de Barras | Date last seen | Date checked out | Ejemplar | Price effective from | Forma de adquisición | Tipo de material |
|---|---|---|---|---|---|---|---|---|---|---|---|---|---|---|---|---|---|---|
| Local | Humboldt | Bogotá | Bogotá | 10/11/2005 | CID Humboldt | 1 | IAVH-00428 | 022216 | 17/01/2014 | 16/01/2014 | Ej. 1 | 04/12/2012 | Informe Técnico | |||||
| Local | Humboldt | Bogotá | Bogotá | 10/11/2005 | CID Humboldt | IAVH-00428 | 022158 | 04/12/2012 | Ej. 2 | 04/12/2012 | Informe Técnico |